| 000 | 01020cam a2200313 a 4500 | ||
|---|---|---|---|
| 001 | 3431804 | ||
| 003 | NUST | ||
| 005 | 20220617162930.0 | ||
| 008 | 910318s1991 nyu 000 1 eng | ||
| 010 | _a 91012156 | ||
| 020 |
_a0385421184 : _c$15.00 ($19.00 Can.) |
||
| 038 | _aArshad | ||
| 040 |
_aDLC _cDLC _dOCoLC _dDLC |
||
| 043 | _an-us-ca | ||
| 050 | 0 | 0 |
_aPS3573.A4266 _bS57 1991 |
| 082 | 0 | 0 |
_a813.54 _bWAL |
| 100 | 1 |
_aWallace, Marilyn. _992059 |
|
| 245 | 1 | 2 |
_aA single stone / _cMarilyn Wallace. |
| 250 | _a1st ed. in the U.S. of America | ||
| 260 |
_aNew York : _bDoubleday, _c1991. |
||
| 300 |
_a292 p. ; _c22 cm. |
||
| 500 | _a"A Perfect crime book." | ||
| 651 | 0 |
_aOakland (Calif.) _xFiction. _992060 |
|
| 655 | 7 |
_aPsychological fiction. _2lcsh |
|
| 655 | 7 |
_aDetective and mystery stories. _2gsafd |
|
| 906 |
_a7 _bcbc _corignew _d1 _eocip _f19 _gy-gencatlg |
||
| 942 |
_2ddc _cBK |
||
| 999 |
_c590154 _d590154 |
||